Frosty the Snowman - Sudden Death - Statistics

General Stats
  • This quiz has been taken 78 times
  • The average score is 3 of 6
Answers on the Grid
Answers color-coded by a green-red scale on the quiz's grid according to % correct below.
Beanie
Broomstick
Button Eyes
Button Nose
Carrot Nose
Coal Buttons
Coal Eyes
Coal Mouth
Corncob Pipe
Cotton Scarf
Sand Body
Santa Hat
Silk Hat
Snow Body
Stick Arms
 
Answer Stats
Answer % Correct
Button Nose
78%
Coal Eyes
71%
Corncob Pipe
56%
Silk Hat
56%
Broomstick
41%
Snow Body
29%
No matching quizzes found
Score Distribution
Percent of People with Each Score
Percentile by Number Answered
Your Score History
You have not taken this quiz